| 000 | 00466nam a2200157 i 4500 | ||
|---|---|---|---|
| 001 | 24074 | ||
| 003 | ES-MaACL | ||
| 005 | 20230906153001.0 | ||
| 007 | t| | ||
| 008 | 021213s1891 sp ||||1| spa d | ||
| 100 | 1 |
_aAmor y Rico, Antonio. _921299 |
|
| 245 | 1 | 0 |
_aContribución al estudio teórico práctico de las osteopatías inflamatorias / _cAntonio Amor y Rico. |
| 260 |
_aGranada : _b[s.n., _c1891] |
||
| 502 | _aTesis doctoral. | ||
| 852 |
_aES-MaACL _jT-525-F-2 |
||
| 999 |
_c24074 _d24074 |
||